000
nam a22 7a 4500
999
_c
53930
_d
53930
003
OSt
005
20220727153751.0
008
220727b xxu||||| |||| 00| 0 eng d
040
_c
IIMT UNIVERSITY
100
_a
GEETA PRESS GORAKHPUR
245
_a
NARAD PURAN
260
_a
GORAKHPUR
_b
GEETA PRESS
_c
000
300
_a
000
942
_2
ddc
_c
09